Members of The Avengers Quiz Stats

 Plays Quiz Updated Jun 27, 2016

Challenge
Share
Tweet
Embed
Score 0/126 Timer 18:00
17 Plays Today
Issue Joined Member % Correct
Avengers #1Iron Man
97%
West Coast Avengers #1War Machine
96.7%
Avengers #1Hulk
95.9%
Avengers #4Captain America (Steve Rogers)
95.1%
Avengers (vol. 4) #1Captain America (Bucky Barnes)
94.9%
Avengers #1Thor (Odinson)
93.4%
Avengers #343Thunderstrike
93.4%
All-New All-Different Avengers #3Thor (Jane Foster)
91.1%
Avengers #16Hawkeye (Clint Barton)
86.3%
Avengers #329Spider-Man (Peter Parker)
84.7%
All-New All-Different Avengers #3Spider-Man (Miles Morales)
84.6%
Avengers #111Black Widow
83%
Avengers #1Hank Pym
77.9%
New Avengers #6Wolverine
74.7%
Avengers (vol. 3) #57Ant-Man (Scott Lang)
70.1%
Secret Avengers #1Ant-Man (Eric O'Grady)
69.9%
All-New All-Different Avengers #9Wasp (Nadia Pym)
69.1%
Avengers #1Wasp (Janet Van Dyne)
68.7%
Avengers #16Scarlet Witch
65.8%
West Coast Avengers (vol. 2) #9Thing
63.8%
Avengers (vol. 6) #0Human Torch (Johnny Storm)
63.8%
Avengers #16Quicksilver
62.6%
Avengers #52Black Panther
62.4%
Avengers #300Mr. Fantastic
60.5%
Avengers West Coast #50Human Torch (Jim Hammond)
58.9%
Avengers #58Vision (Victor Shade)
58.9%
Mighty Avengers #22Vision (Jonas)
58.9%
Avengers #300Invisible Woman
57.8%
Avengers #221She-Hulk
54%
Avengers #137Beast
53.9%
Avengers (vol. 4) #19Storm
53.2%
New Avengers #1Luke Cage
50.9%
New Avengers (vol. 2) #7Dr. Strange
50.7%
Avengers #184Falcon
50.7%
New Avengers (vol. 2) #16Daredevil
50.6%
Avengers #227Captain Marvel (Monica Rambeau)
48.7%
Avengers (vol. 4) #6Protector
48.3%
Avengers #183Captain Marvel (Carol Danvers)
48%
Avengers (vol. 4) #1Spider-Woman (Jessica Drew)
47.7%
Avengers West Coast #74Spider-Woman (Julia Carpenter)
47.6%
New Avengers (vol. 2) #1Iron Fist
46.7%
Avengers (vol. 6) #0Deadpool
46.5%
Issue Joined Member % Correct
All-New All-Different Avengers #3Ms. Marvel (Kamala Khan)
44.6%
Avengers (vol. 4) #12Red Hulk
41.9%
Avengers #45Hercules
41%
Uncanny Avengers #4Rogue
40.8%
Avengers #158Wonder Man
40.5%
Nova (vol. 5) #25Nova (Sam Alexander)
40.5%
Avengers #262Namor
40%
Secret Avengers #23Venom
37.8%
Avengers #211Tigra
36.6%
Secret Avengers #1Nova (Richard Rider)
36.5%
West Coast Avengers #1Mockingbird
34.9%
Avengers #71Black Knight
34.7%
West Coast Avengers (vol. 2) #21Moon Knight
34%
Avengers (vol. 6) #0Squirrel Girl
33.7%
Avengers (vol. 3) #81Lionheart
32.9%
New Avengers (vol. 2) #8Power Woman
32.4%
Age of Heroes #1Captain Britain
31.9%
New Avengers #10Sentry
31.3%
Uncanny Avengers #1Havok
31.3%
Avengers #114Swordsman
30.3%
West Coast Avengers (vol. 2) #44U.S. Agent
29.6%
Mighty Avengers #1Ares
29.1%
Mighty Avengers (vol. 2) #1Blade
29%
Uncanny Avengers (vol. 3) #4Cable
28.6%
Avengers (vol. 3) #4Firestar
28.4%
Giant-Size Avengers #4Mantis
27.5%
Avengers #137Moondragon
27.3%
Secret Avengers #1Valkyrie
27.3%
Avengers #148Hellcat
27%
New Avengers #11Echo
27%
Avengers (vol. 5) #1Cannonball
26.9%
Avengers (vol. 6) #0Hulkling
26.9%
Avengers #329Sandman
26.4%
Avengers (vol. 5) #1Sunspot
26.2%
Avengers (vol. 3) #4Justice
26.2%
A-Force (vol. 2) #1Medusa
26.1%
Avengers Annual #18Quasar
25.7%
Avengers #278Doctor Druid
25.2%
Mighty Avengers #21Jocasta
25.1%
Avengers (vol. 6) #0Wiccan
24.7%
Avengers #232Starfox
24.6%
Avengers #336Crystal
24.6%
Issue Joined Member % Correct
Avengers (vol. 3) #38Jack of Hearts
24.5%
Mighty Avengers (vol. 2) #3Power Man (Victor Alvarez)
23.7%
Uncanny Avengers #5Sunfire
23.4%
Avengers #314Sersi
22.9%
Avengers #329Rage
22.7%
Avengers #174Two-Gun Kid
22.2%
Mighty Avengers #22Stature
22.1%
Mighty Avengers (vol. 2) #3White Tiger
22%
Avengers (vol. 3) #27Triathlon
22%
Avengers (vol. 4) #19Quake
22%
Captain America #349Demolition Man
21.6%
Avengers #300Gilgamesh
21.3%
Avengers (vol. 5) #1Shang-Chi
21.3%
Avengers (vol. 5) #1Hyperion
21.1%
A-Force (vol. 2) #2Dazzler
20.7%
Uncanny Avengers (vol. 2) #1Sabretooth
20.7%
Avengers West Coast #83Machine Man
20.3%
West Coast Avengers Annual #2Firebird
20.2%
Avengers & X-Men: AXIS #9Doctor Voodoo
20.2%
Avengers West Coast #94Darkhawk
20.1%
Mighty Avengers #21Amadeus Cho
19.9%
Avengers #319Stingray
19.8%
Avengers West Coast #74Living Lightning
19.7%
Avengers (vol. 5) #1Captain Universe
19.6%
Avengers (vol. 6) #0Songbird
18.8%
Avengers (vol. 3) #30Silverclaw
18.2%
Avengers A.I. #1Doombot
17.8%
Mighty Avengers (vol. 2) #2Blue Marvel
17.4%
A-Force (vol. 2) #2Sister Grimm
16.1%
Avengers (vol. 5) #1Smasher
15.8%
Avengers A.I. #1Victor Mancha
15.4%
Avengers (vol. 5) #17Star Brand
15.1%
Avengers (vol. 5) #17Ex Nihilo
14.6%
A-Force (vol. 2) #1Singularity
14.3%
Avengers (vol. 5) #17Abyss
14.3%
Avengers (vol. 5) #17Nightmask
14.2%
Avengers (vol. 5) #1Manifold
14%
Avengers (vol. 6) #0Synapse
13.5%
Avengers (vol. 5) #39Pod
12.5%
Avengers A.I. #3Alexis the Protector
11.9%
Captain America and the Mighty Avengers #1Kaluu
10.9%
Avengers (vol. 5) #39Validator
9.7%

You're not logged in!

Compare scores with friends on all Sporcle quizzes.
OR
Log In

You Might Also Like...

Show Comments

Extras

Top Quizzes Today


Score Distribution

Your Account Isn't Verified!

In order to create a playlist on Sporcle, you need to verify the email address you used during registration. Go to your Sporcle Settings to finish the process.

Report this User

Report this user for behavior that violates our Community Guidelines.

Details: